00634cam a22001811 450000100100000000500170001000800410002704000250006808200150009310000320010824500520014026000500019230000210024250400340026365000220029795201180031999900150043700000190020240510073816.0720731s1946 xxu 001 0 eng  aDO-SdBNPbspacBNPHU a100bT454L1 aThomas, Henry,d1886-9619714aThe living world of philosophy /cHenry Thomas. aPhiladelphia :bThe Blakiston company,c1946. a399 p. ;c22 cm. aBibliografía: p. [381]-386. 0aFilosofía 9813 001052708MOaGRbGRcCTd2009-09-22iLF1l0o100 T454Lp1900-10r2020-06-25w2020-06-25y2ZPréstamo interno c1772d1772